Ordre d'apparition des personnages de STAR WARS I - Statistiques

Statistiques générales
  • Ce quiz a été pris 217 fois
  • Le résultat moyen est 3 sur 14
Statistiques - réponses
Hint Réponse % Correct
0:02 Obi-Wan Kenobi
70%
0:02 Qui-Gon Jinn
63%
0:12 Padmé Amidala
25%
1:02 C-3PO
19%
0:26 R2-D2
19%
0:44 Anakin Skywalker
18%
0:12 Capitaine Panaka
18%
1:26 Yoda
18%
0:18 Jar Jar Binks
17%
0:49 Shmi Skywalker
13%
0:54 Dark Maul
11%
1:25 Mace Windu
10%
0:57 Palpatine
10%
0:48 Watto
10%
Aucun quiz correspondant
Distribution des résultats
% des personnes avec chaque résultat
Percentile par nombre de réponses
Votre historique - résultats
Vous n’avez pas pris ce quiz